000 00605nam a2200193Ia 4500
001 6629
008 260622s9999 xx 000 0 und d
245 0 _aعزف منفرد على الطبل/
_cطلال معلا
260 _aدمشق؛
_bورد للطباعة و النشر و التوضيع؛
_c2000
300 _a86p;
_c22x14cm
505 _aSolo performance on the drum. By Talal Mualla
520 _aText
546 _aArabic
650 _aPJ7501-8517 Arabic literature
650 _aSocial conditions
_99482
651 _aSyria
700 _aMualla, Talal طلال معلا
_96214
942 _cBK
999 _c6629
_d6629